[Event "IND-ch U17 25th"]
[White "Neelash, Saha"]
[Black "Tridev, Buragohain"]
[Site "Bihar"]
[Round "10"]
[Result "1-0"]
[Date "2014.12.09"]
[WhiteElo "1948"]
[BlackElo "1490"]
[PlyCount "107"]
[EventDate "2014.12.02"]
[EventType "swiss"]
[EventRounds "11"]
[EventCountry "IND"]
[SourceTitle "EXT 2016"]
[Source "ChessBase"]
[SourceDate "2015.10.08"]
[SourceVersion "1"]
[SourceVersionDate "2015.10.08"]
[SourceQuality "1"]

1. d4 Nf6 2. Bg5 e6 3. e4 h6 4. Bxf6 Qxf6 5. Nf3 g5 6. Nc3 Bb4 7. Bd3 c5 8. e5 Bxc3+ 9. bxc3 Qe7 10. h4 gxh4 11. Rxh4 d5 12. Qd2 c4 13. Be2 Qf8 14. Nh2 Nd7 15. Bh5 Kd8 16. Rf4 f5 17. exf6 Qd6 18. Ng4 e5 19. Rf5 Qe6 20. Ne3 Nxf6 21. Rxe5 Qd6 22. Bf7 Ne4 23. Rxd5 Qxd5 24. Bxd5 Nxd2 25. Kxd2 Rf8 26. f3 Rb8 27. Nxc4 b6 28. Rh1 Rf6 29. Ne5 Kc7 30. Rh4 Be6 31. Ng4 Bxg4 32. Rxg4 Kd6 33. Be4 Rbf8 34. Ke3 R8f7 35. c4 Rf8 36. c3 R8f7 37. Bd5 Rf8 38. Rg7 Re8+ 39. Kd3 Re7 40. Rxe7 Kxe7 41. g4 Kd6 42. Ke4 Rf8 43. f4 Re8+ 44. Kf3 Rf8 45. f5 b5 46. Ke4 bxc4 47. Bxc4 Rc8 48. Kd3 Re8 49. Be6 Ke7 50. d5 Kf6 51. c4 Kg5 52. d6 Kxg4 53. d7 Rf8 54. c5 1-0

[Event "IND-ch U17 25th"]
[White "Vishwanath, Vivek"]
[Black "Tridev, Buragohain"]
[Site "Bihar"]
[Round "6"]
[Result "1-0"]
[Date "2014.12.05"]
[WhiteElo "1842"]
[BlackElo "1490"]
[PlyCount "69"]
[EventDate "2014.12.02"]
[EventType "swiss"]
[EventRounds "11"]
[EventCountry "IND"]
[SourceTitle "EXT 2016"]
[Source "ChessBase"]
[SourceDate "2015.10.08"]
[SourceVersion "1"]
[SourceVersionDate "2015.10.08"]
[SourceQuality "1"]

1. e4 c5 2. Nc3 Nc6 3. f4 g6 4. Nf3 e6 5. Bc4 Bg7 6. f5 Nge7 7. fxe6 dxe6 8. d3 0-0 9. 0-0 a6 10. a4 Nd4 11. Nxd4 Bxd4+ 12. Kh1 Nc6 13. Bh6 Re8 14. Qf3 Qe7 15. Bg5 Qc7 16. h4 Ne5 17. Qf4 Qd7 18. Bb3 h5 19. Ne2 Ng4 20. Nxd4 cxd4 21. a5 Rf8 22. Ba4 b5 23. axb6 Qb7 24. Qd6 f6 25. Bd2 Qb8 26. Qxb8 Rxb8 27. Bb4 Rxb6 28. Bxf8 Kxf8 29. Bb3 Bb7 30. Ra4 f5 31. Rxd4 e5 32. Rd7 Ke8 33. Rh7 f4 34. g3 Ne3 35. Rf3 1-0